Sports Quiz

Random Sports or NBA Quiz
Score 0/15 Timer 01:00
0 Plays Today
number/team % Correct
42/twolvesKevin Love
89.2%
11/netsBrook Lopez
87.8%
2/wizardsJohn Wall
84.4%
20/spursManu Ginobili
65.6%
0/celticsAvery Bradley
63.9%
2/cavaliersKyrie Irving
51.1%
10/pistonsGreg Monroe
50.3%
6/clippersDeandre Jordan
45.3%
number/team % Correct
23/76ersLou Williams
35%
33/MagicRyan Anderson
34.4%
16/knicksSteve Novak
33.6%
22/heatJames Jones
28.9%
4/rocketsLuis Scola
23.1%
15/BullsJohn Lucas
22.2%
3/mavericksRodrigue Beaubois
11.4%
Remove Ads.
Support Sporcle.
Get the best of Sporcle when you Go Orange. This ad-free experience offers more features, more stats, and more fun while also helping to support Sporcle. Thank you for becoming a member.

You're not logged in!

Compare scores with friends on all Sporcle quizzes.
OR
Log In

Show Comments

Extras

Top Quizzes Today


Score Distribution

Your Account Isn't Verified!

In order to create a playlist on Sporcle, you need to verify the email address you used during registration. Go to your Sporcle Settings to finish the process.

Report this User

Report this user for behavior that violates our Community Guidelines.

Details: